The Competition Act part one : the risks (Record no. 69884)
[ view plain ]
| 000 -LEADER | |
|---|---|
| fixed length control field | 01037cam a2200229 4500 |
| 001 - CONTROL NUMBER | |
| control field | ABS65229 |
| 008 - FIXED-LENGTH DATA ELEMENTS--GENERAL INFORMATION | |
| fixed length control field | 020402n2002 000 0 eng u |
| 035 ## - SYSTEM CONTROL NUMBER | |
| System control number | (Sirsi) u117300 |
| 100 ## - MAIN ENTRY--PERSONAL NAME | |
| Personal name | Sproul, G. |
| 245 #4 - TITLE STATEMENT | |
| Title | The Competition Act part one : the risks |
| 260 ## - PUBLICATION, DISTRIBUTION, ETC. | |
| Date of publication, distribution, etc. | 2002 |
| 490 ## - SERIES STATEMENT | |
| Series statement | PFI Intelligence Bulletin |
| Volume/sequential designation | 7(1) March 2002, 22(1) |
| 520 ## - SUMMARY, ETC. | |
| Summary, etc. | The first of a two-part feature which considers the potential pitfalls of the Competition Act 1998. The Act, which came into force on 1 March 2002, prohibits anti-competitive agreements and abuse of a market -dominant position and has implications for all businesses in the UK. Article advises firms to check no infringements have been committed so far; what to do on finding an infringement and to implement a compliance programme for the future. |
| 590 ## - LOCAL NOTE (RLIN) | |
| Local note | ABS |
| 650 ## - SUBJECT ADDED ENTRY--TOPICAL TERM | |
| Topical term or geographic name entry element | COMPETITION ACT 1998 |
| 650 ## - SUBJECT ADDED ENTRY--TOPICAL TERM | |
| Topical term or geographic name entry element | OFT |
| 650 ## - SUBJECT ADDED ENTRY--TOPICAL TERM | |
| Topical term or geographic name entry element | INFRINGEMENT |
| 650 ## - SUBJECT ADDED ENTRY--TOPICAL TERM | |
| Topical term or geographic name entry element | ANTI-COMPETITIVE PRACTICES |
| 650 ## - SUBJECT ADDED ENTRY--TOPICAL TERM | |
| Topical term or geographic name entry element | COMPLIANCE |
| 690 ## - LOCAL SUBJECT ADDED ENTRY--TOPICAL TERM (OCLC, RLIN) | |
| Topical term or geographic name as entry element | MANAGEMENT-BUSINESS MANAGEMENT |
| 942 ## - ADDED ENTRY ELEMENTS (KOHA) | |
| Suppress in OPAC | 0 |
| Withdrawn status | Lost status | Source of classification or shelving scheme | Damaged status | Not for loan | Home library | Current library | Shelving location | Date acquired | Total Checkouts | Full call number | Barcode | Date last seen | Copy number | Price effective from | Koha item type |
|---|---|---|---|---|---|---|---|---|---|---|---|---|---|---|---|
| Dewey Decimal Classification | London | London | Journal article | 02/04/2002 | ABS65229 | 117300-1001 | 06/08/2019 | 1 | 06/08/2019 | Journal article |